000 00227nam a2200097Ia 4500
008 170619s9999 xx 000 0 und d
100 _aGriffiths David J.
245 0 _aIntroduction to Electrodynamics
260 _bPHI
260 _c2011
546 _aENGLISH
999 _c19831
_d19831